00267nam a2200109 i 4500001000300000100001600003245006300019260001800082040000800100041000800108008004100116bg1 aLAMBERT, R. 0aL'organisation scientifique dans lindustrie /cR. Lambert. aParis,c1964. cBPK apol s pl f |000 0 pol